00329nam a2200133Ia 4500008004100000020001500041041001200056082001600068100001700084245004000101260003400141300000800175650001200183221030s9999 xx 000 0 und d a8175440287 aEnglish a105.23bBha aR. L. Bhatia 4aThe Global Managercby R. L. Bhatia bWheeler Pub.aNew Delhic1994 a164 aGeneral